<?xml version="1.0" encoding="UTF-8"?>
<marc:record xmlns:marc="http://www.loc.gov/MARC21/slim">
   <marc:leader>00000nam a2200000 a 4500</marc:leader>
   <marc:datafield ind1="1" ind2=" " tag="100">
      <marc:subfield code="a">Burghardt, Peter</marc:subfield>
      <marc:subfield code="4">aut</marc:subfield>
      <marc:subfield code="e">Verfasser/-in</marc:subfield>
   </marc:datafield>
   <marc:datafield ind1=" " ind2=" " tag="653">
      <marc:subfield code="a">Reiseerzählungen/Südamerika</marc:subfield>
   </marc:datafield>
   <marc:datafield ind1=" " ind2=" " tag="653">
      <marc:subfield code="a">Brasilien</marc:subfield>
   </marc:datafield>
   <marc:datafield ind1=" " ind2=" " tag="653">
      <marc:subfield code="a">Gebrauchsanweisung</marc:subfield>
   </marc:datafield>
   <marc:datafield ind1=" " ind2=" " tag="653">
      <marc:subfield code="a">Reisebericht</marc:subfield>
   </marc:datafield>
   <marc:datafield ind1=" " ind2=" " tag="653">
      <marc:subfield code="a">9</marc:subfield>
   </marc:datafield>
   <marc:datafield ind1=" " ind2=" " tag="653">
      <marc:subfield code="a">Führer</marc:subfield>
   </marc:datafield>
   <marc:datafield ind1="0" ind2="0" tag="245">
      <marc:subfield code="a">Gebrauchsanweisung für Brasilien</marc:subfield>
   </marc:datafield>
   <marc:datafield ind1="0" ind2="0" tag="245">
      <marc:subfield code="c">Peter Burghardt</marc:subfield>
   </marc:datafield>
   <marc:datafield ind1=" " ind2="1" tag="264">
      <marc:subfield code="a">München</marc:subfield>
      <marc:subfield code="b">Piper</marc:subfield>
      <marc:subfield code="c">2013</marc:subfield>
   </marc:datafield>
   <marc:datafield ind1="1" ind2=" " tag="490">
      <marc:subfield code="a">Piper</marc:subfield>
   </marc:datafield>
   <marc:datafield ind1="1" ind2=" " tag="520">
      <marc:subfield code="a">Angaben aus der Verlagsmeldung

Gebrauchsanweisung für Brasilien / von Peter Burghardt

Sambapartys und Copacabana, kreativer Fußball und monumentale Architektur - Peter Burghardt lädt ein in ein Land der Rekorde: an den berühmtesten Sandstrand der Welt, zum Karneval nach Rio und in die Stadt der Gegensätze São Paulo. Zum »Girl from Ipanema«, auf einen Streifzug durch die Hauptstadt Brasilia und in den Regenwald - die »Lunge der Menschheit«.
Nackte Haut und heiße Rhythmen - seit mehr als 25 Jahren bereist der Autor das Ursprungsland des Karnevals. Er schließt den umschwärmten Aufsteiger Südamerikas ins Herz und berichtet vom Ausnahmezustand in der fünften Jahreszeit. Erklärt, warum Schönheitschirurgen hier Hochkonjunktur haben, brasilianisches Bier sogar Bayern verzückt und wie Flipflops und Flugzeuge den wirtschaftlichen Aufstieg fördern. Er besucht Favelas und Luxusläden in den Großstädten sowie Zuckerrohrplantagen und bedrohte Völker am Amazonas. Taucht ein in eine Welt, in der Pelé und Ronaldinho Helden sind, Oscar Niemeyer zum Herr der Kurven wurde und Paulo Coelho seine Welterfolge schrieb. Brasilien ist ein Mythos - und Lebensfreude pur!
</marc:subfield>
   </marc:datafield>
   <marc:datafield ind1=" " ind2=" " tag="020">
      <marc:subfield code="a">9783492276351</marc:subfield>
      <marc:subfield code="9">9783492276351</marc:subfield>
   </marc:datafield>
   <marc:datafield ind1=" " ind2=" " tag="020">
      <marc:subfield code="a">3492276350</marc:subfield>
      <marc:subfield code="9">3492276350</marc:subfield>
   </marc:datafield>
   <marc:datafield ind1=" " ind2=" " tag="041">
      <marc:subfield code="a">ger</marc:subfield>
   </marc:datafield>
   <marc:datafield ind1=" " ind2=" " tag="300">
      <marc:subfield code="a">234 S.</marc:subfield>
   </marc:datafield>
</marc:record>
